Династија Немањића - Statistics

General Stats
  • This quiz has been taken 2 875 times
    2 874 since last reset
  • The average score is 7 of 10
Answer Stats
Титула Владавина Име % Correct
Велики Жупан 1165/66-1196 Стефан Немања
98%
Краљ 1331-1346 Стефан Душан
94%
1355-1371 Стефан Урош V Нејаки
87%
1196-1202, 1204-1217 Стефан Првовенчани
84%
1282-1321 Стефан Милутин
82%
1276-1282 Стефан Драгутин
76%
1321-1331 Стефан Дечански
66%
1241/42-1276 Стефан Урош I
56%
1233/34-1241/42 Стефан Владислав
54%
1227-1233/34 Стефан Радослав
49%
No matching quizzes found
Score Distribution
Percent of People with Each Score
Percentile by Number Answered
Your Score History
You have not taken this quiz since the last reset